| 000 | 00000nam##2200000za#4500 |
| 001 | 9.614420 |
| 003 | CaOODSP |
| 005 | 20200401041923 |
| 007 | ta |
| 008 | 150406|1998||||xxc||||| f|0| 0 eng|d |
| 020 | |a0-662-26945-4 |
| 040 | |aCaOODSP|beng |
| 043 | |an-cn--- |
| 086 | 1 |aNE22-1/1998-5E |
| 110 | 1 |aCanada. |bNational Energy Board. |
| 245 | 10|aWestcoast Energy Inc. : |bapplication dated 5 March 1998 |
| 260 | |aCalgary - Alberta : |bNational Energy Board |cJune 1998. |
| 300 | |a37p. : |btables ; |c28 cm. |
| 490 | 1 |aKey documents related to the Board's decision on the framework for light-handed regulation in the matter of |
| 500 | |aN.B.: Incorrect catalogue number (Ne23-1/1998-5E) printed in this publication. |
| 563 | |aSoftcover |
| 590 | |a98-30|b1998-07-24 |
| 775 | 08|tWestcoast Energy Inc. : |w(CaOODSP)9.624763 |
| 776 | 0#|tKey documents related to the Board's decision on the framework for light-handed regulation in the matter of Westcoast Energy Inc. : |w(CaOODSP)9.572546 |
| 830 | #0|aKey documents related to the Board's decision on the framework for light-handed regulation in the matter of.|w(CaOODSP)9.514807 |
| 986 | |aRHW-1-98 |